[Event "BCF-chT4 2223 (4NCL)"]
[Site "England"]
[Date "2023.02.04"]
[Round "5.52"]
[White "Hurney, Kevin"]
[Black "Sachdeva, Ronit"]
[Result "1/2-1/2"]
[WhiteElo "2028"]
[BlackElo "1820"]
[PlyCount "109"]
[EventDate "2022.11.05"]
[EventType "team-swiss"]
[EventRounds "11"]
[EventCountry "ENG"]
[SourceTitle "EXT 2024"]
[Source "ChessBase"]
[SourceDate "2023.10.10"]
[SourceVersion "1"]
[SourceVersionDate "2023.10.10"]
[SourceQuality "1"]
[WhiteTeam "MASCeteers"]
[BlackTeam "Guildford Young Guns"]
[WhiteTeamCountry "ENG"]
[BlackTeamCountry "ENG"]

1. e4 c5 2. Nf3 d6 3. d4 cxd4 4. Nxd4 Nf6 5. Nc3 a6 6. Be2 e5 7. Nb3 Be7 8. a4 Nc6 9. Be3 Be6 10. 0-0 d5 11. exd5 Nxd5 12. Nxd5 Bxd5 13. c4 Be6 14. a5 0-0 15. Bb6 Qe8 16. Nc5 Bd8 17. Nxb7 Bxb6 18. axb6 Qb8 19. Nc5 Qxb6 20. Nxe6 fxe6 21. Bf3 Rad8 22. Qa4 Nd4 23. Bg4 Rf6 24. Qa5 Qb8 25. Rae1 Nb3 26. Qxe5 Nd2 27. Bxe6+ Kh8 28. Qxb8 Rxb8 29. Bd5 Nxf1 30. Kxf1 Rfb6 31. Ra1 Rf6 32. Ra2 g5 33. f3 Rb4 34. c5 Rf5 35. Be6 Rxc5 36. b3 a5 37. Rd2 Rb7 38. Kf2 Kg7 39. Rd6 Re7 40. Bd5 Kf8 41. Be4 Rb5 42. Rd3 Rc5 43. Rd8+ Kg7 44. Rb8 Rf7 45. g4 Ra7 46. b4 axb4 47. Rxb4 Rca5 48. h3 Ra1 49. Rb5 h6 50. Rb6 R1a6 51. Rb8 Kf6 52. Rb5 Re7 53. Rf5+ Kg7 54. Rb5 Rae6 55. Ke3 1/2-1/2

[Event "Leamington Spa 4NCL op 25th"]
[Site "Leamington Spa"]
[Date "2021.07.09"]
[Round "1"]
[White "Hurney, Kevin"]
[Black "Merriman, John"]
[Result "1/2-1/2"]
[WhiteElo "1966"]
[BlackElo "2246"]
[PlyCount "114"]
[EventDate "2021.07.09"]
[EventType "swiss"]
[EventRounds "5"]
[EventCountry "ENG"]
[SourceTitle "CBM 203 Extra"]
[Source "ChessBase"]
[SourceDate "2021.09.30"]
[SourceVersion "1"]
[SourceVersionDate "2021.09.30"]
[SourceQuality "1"]

1. e4 e6 2. Qe2 c5 3. Nf3 Nc6 4. c3 Nge7 5. g3 g6 6. Bg2 Bg7 7. 0-0 d5 8. d3 b6 9. Rd1 Ba6 10. Qc2 Qd7 11. Bg5 0-0 12. Na3 h6 13. Bxe7 Nxe7 14. exd5 exd5 15. Re1 b5 16. Rad1 Nc6 17. Qd2 b4 18. Nc2 bxc3 19. bxc3 Rab8 20. Rb1 Rfe8 21. d4 cxd4 22. Nfxd4 Ne5 23. Ne3 Nc4 24. Nxc4 Bxc4 25. Bf1 Qa4 26. Bxc4 Qxc4 27. Rxe8+ Rxe8 28. Rb4 Qc5 29. Rb5 Qd6 30. Nb3 Rd8 31. Qe3 Qe6 32. Nd4 Qd7 33. Qd3 Re8 34. Rb1 Re4 35. Nb3 Rc4 36. Rd1 Rxc3 37. Qxd5 Qxd5 38. Rxd5 Rc7 39. Rd8+ Kh7 40. Rd5 Bf6 41. Kf1 Kg7 42. Ke1 Kf8 43. Kd2 Ke7 44. Nc5 Ke8 45. Ne4 Be7 46. Nd6+ Kf8 47. Nb5 Rb7 48. a4 a6 49. Nd4 Rb2+ 50. Ke3 Bg5+ 51. f4 Be7 52. Ra5 Rb6 53. f5 Bb4 54. Rd5 Be7 55. h4 Bf6 56. fxg6 fxg6 57. a5 Bxd4+ 1/2-1/2

[Event "BCF-chT3N 1920 (4NCL)"]
[Site "England"]
[Date "2019.11.09"]
[Round "1.43"]
[White "Hurney, Kevin"]
[Black "Hirst, Joe"]
[Result "1-0"]
[WhiteElo "2012"]
[BlackElo "1915"]
[PlyCount "115"]
[EventDate "2019.11.09"]
[EventType "team-swiss"]
[EventRounds "11"]
[EventCountry "ENG"]
[SourceTitle "EXT 2022"]
[Source "ChessBase"]
[SourceDate "2021.10.06"]
[SourceVersion "1"]
[SourceVersionDate "2021.10.06"]
[SourceQuality "1"]
[WhiteTeam "Shropshire"]
[BlackTeam "J'Adoube II"]
[WhiteTeamCountry "ENG"]
[BlackTeamCountry "ENG"]

1. e4 d6 2. d4 Nf6 3. Bd3 c6 4. Ne2 e5 5. 0-0 Be7 6. c4 a5 7. Nbc3 Na6 8. h3 exd4 9. Nxd4 Nc5 10. Bc2 0-0 11. Be3 Re8 12. Re1 Bf8 13. Bg5 Ne6 14. Bh4 g6 15. Nf3 Bg7 16. Qd2 Qc7 17. Rad1 Rd8 18. Qe3 b6 19. Bg3 Bf8 20. Rd2 Ba6 21. b3 Nd7 22. Red1 Ne5 23. Na4 Rab8 24. Nxe5 dxe5 25. Rxd8 Nxd8 26. Qg5 Bg7 27. c5 Ne6 28. Qe3 b5 29. Nb6 Nxc5 30. Qxc5 Rxb6 31. f4 Bf8 32. Qe3 c5 33. fxe5 Re6 34. Qd2 Bb7 35. Bf4 c4 36. Qd8 Qxd8 37. Rxd8 Kg7 38. bxc4 bxc4 39. Kf1 Ba6 40. Ra8 Bb4 41. Kf2 Bb5 42. a4 Be8 43. Rc8 c3 44. Be3 Bd7 45. Rc7 Be8 46. Bd4 Kg8 47. Rc8 h5 48. Bb3 Re7 49. Ke3 Kh7 50. e6 fxe6 51. Bf6 Rf7 52. e5 Rf8 53. Bxe6 Bxa4 54. Rc7+ Kh6 55. Bg7+ Kg5 56. h4+ Kxh4 57. Bxf8 Bxf8 58. Rc4+ 1-0

[Event "BCF-chT3Sb 1617 (4NCL)"]
[Site "England"]
[Date "2017.01.14"]
[Round "3.54"]
[White "Rivlin, Mark"]
[Black "Hurney, Kevin"]
[Result "0-1"]
[WhiteElo "1634"]
[BlackElo "2095"]
[PlyCount "72"]
[EventDate "2016.11.26"]
[EventType "team-tourn"]
[EventRounds "11"]
[EventCountry "ENG"]
[SourceTitle "EXT 2019"]
[Source "ChessBase"]
[SourceDate "2018.10.10"]
[SourceVersion "1"]
[SourceVersionDate "2018.10.10"]
[SourceQuality "1"]
[WhiteTeam "Hackney"]
[BlackTeam "Shropshire"]
[WhiteTeamCountry "ENG"]
[BlackTeamCountry "ENG"]

1. e4 d6 2. d4 Nf6 3. Nc3 g6 4. Nf3 Bg7 5. Be2 0-0 6. 0-0 Bg4 7. Bg5 Nbd7 8. Qd2 c5 9. d5 a6 10. a4 b6 11. h3 Bxf3 12. Bxf3 Qc7 13. Bf4 Rfd8 14. Rae1 Rab8 15. Ne2 Ne5 16. Bxe5 dxe5 17. c4 b5 18. axb5 axb5 19. b3 bxc4 20. bxc4 Rb4 21. Rc1 Ne8 22. Ng3 Rdb8 23. Rc2 Nd6 24. Be2 Ra8 25. f4 Bh6 26. Ra2 Rxa2 27. Qxa2 Bxf4 28. Qa3 Qb7 29. Rf3 Rb1+ 30. Bf1 Nxc4 31. Qxc5 Nd2 32. Ne2 Nxf3+ 33. gxf3 Bd2 34. d6 exd6 35. Qxd6 Qa7+ 36. Kg2 Be1 0-1

[Event "BCF-chT3 1314 (4NCL)"]
[Site "England"]
[Date "2014.03.22"]
[Round "7.41"]
[White "Hurney, Kevin"]
[Black "Golding, James"]
[Result "0-1"]
[WhiteElo "2008"]
[BlackElo "1582"]
[PlyCount "78"]
[EventDate "2013.11.16"]
[EventType "team-swiss"]
[EventRounds "11"]
[EventCountry "ENG"]
[SourceTitle "EXT 2015"]
[Source "ChessBase"]
[SourceDate "2014.11.20"]
[SourceVersion "1"]
[SourceVersionDate "2014.11.20"]
[SourceQuality "1"]
[WhiteTeam "Warwicks Select II"]
[BlackTeam "Sandhurst Scorpions"]
[WhiteTeamCountry "ENG"]
[BlackTeamCountry "ENG"]

1. e4 e5 2. Nf3 Nc6 3. Bb5 a6 4. Bxc6 dxc6 5. d4 Nf6 6. Nxe5 Nxe4 7. 0-0 Be6 8. Re1 Nf6 9. Qe2 Qxd4 10. Nxf7 Kxf7 11. Qxe6+ Kg6 12. Be3 Qxb2 13. Nd2 Re8 14. Qc4 Qb5 15. Qh4 Qa5 16. Nb3 Qc3 17. Qg3+ Kf7 18. Qxc7+ Re7 19. Qf4 Qxc2 20. Red1 Qe4 21. Qb8 Qe5 22. Qc8 Rc7 23. Qh3 Bb4 24. Bd4 Qe7 25. Qh4 c5 26. Be3 b5 27. Rac1 Rd8 28. g3 Ba3 29. Rb1 c4 30. Nd4 c3 31. Nc2 Rc4 32. Qh3 Rxd1+ 33. Rxd1 Qe4 34. Nxa3 c2 35. Nxc2 Qxc2 36. Rc1 Qxa2 37. Rd1 b4 38. Rd7+ Kg6 39. Qe6 Rc1+ 0-1

[Event "BCF-chT3S 1213 (4NCL)"]
[Site "England"]
[Date "2013.02.23"]
[Round "5.175"]
[White "Head, Louise"]
[Black "Hurney, Kevin"]
[Result "1/2-1/2"]
[WhiteElo "1754"]
[BlackElo "2040"]
[PlyCount "75"]
[EventDate "2012.11.03"]
[EventType "team-swiss"]
[EventRounds "6"]
[EventCountry "ENG"]
[SourceTitle "EXT 2014"]
[Source "ChessBase"]
[SourceDate "2013.11.20"]
[SourceVersion "1"]
[SourceVersionDate "2013.11.20"]
[SourceQuality "1"]
[WhiteTeam "BCM Hippos III"]
[BlackTeam "Halesowen"]
[WhiteTeamCountry "ENG"]
[BlackTeamCountry "ENG"]

1. d4 d6 2. c4 Nf6 3. Nc3 g6 4. Nf3 Bg7 5. e4 0-0 6. Be2 Nc6 7. 0-0 e5 8. d5 Ne7 9. b4 Ne8 10. c5 f5 11. Ng5 fxe4 12. Ngxe4 Bf5 13. f3 Nf6 14. Bc4 h6 15. Ba3 Kh7 16. Rc1 a6 17. Qe2 g5 18. Nxf6+ Bxf6 19. Bd3 Qd7 20. Bxf5+ Nxf5 21. Qe4 Kg7 22. b5 Nd4 23. c6 bxc6 24. bxc6 Qf7 25. Rb1 Rfb8 26. Rxb8 Rxb8 27. Rb1 Qe8 28. Qd3 Qc8 29. Rxb8 Qxb8 30. Qxa6 g4 31. Qb7 Qd8 32. Ne4 gxf3 33. Bxd6 Ne2+ 34. Kf2 fxg2 35. Kxg2 Nf4+ 36. Kf3 Nxd5 37. a4 Kh8 38. Bc5 1/2-1/2

[Event "BCF-chT3S 1213 (4NCL)"]
[Site "England"]
[Date "2012.11.04"]
[Round "2.185"]
[White "Burke, Steven J"]
[Black "Hurney, Kevin"]
[Result "1-0"]
[WhiteElo "2014"]
[BlackElo "2040"]
[PlyCount "91"]
[EventDate "2012.11.03"]
[EventType "team-swiss"]
[EventRounds "6"]
[EventCountry "ENG"]
[SourceTitle "EXT 2014"]
[Source "ChessBase"]
[SourceDate "2013.11.20"]
[SourceVersion "1"]
[SourceVersionDate "2013.11.20"]
[SourceQuality "1"]
[WhiteTeam "Ashfield Breadsall"]
[BlackTeam "Halesowen"]
[WhiteTeamCountry "ENG"]
[BlackTeamCountry "ENG"]

1. d4 Nf6 2. Nc3 g6 3. e4 d6 4. f3 Bg7 5. Be3 0-0 6. Qd2 Nc6 7. Bc4 e5 8. d5 Nd4 9. Nge2 Nxe2 10. Bxe2 c6 11. dxc6 bxc6 12. Rd1 Ne8 13. 0-0 f5 14. Bc5 Rf6 15. Bf2 f4 16. Bh4 Qb6+ 17. Kh1 Qxb2 18. Bxf6 Bxf6 19. Bc4+ Kg7 20. Rb1 Qa3 21. Ne2 Bd8 22. Rb3 Qc5 23. Qb4 Qxb4 24. Rxb4 Bb6 25. Rfb1 Nc7 26. Nc3 Ba5 27. R4b3 Kf6 28. Na4 d5 29. Bd3 Na6 30. exd5 cxd5 31. Rb5 Bc7 32. Nc3 Bb6 33. Nxd5+ Ke6 34. Nxb6 axb6 35. Rxb6+ Ke7 36. Bxa6 Bxa6 37. g3 Be2 38. Kg2 Rxa2 39. R1b2 Ra3 40. R6b3 Ra1 41. gxf4 exf4 42. Rb1 Rxb1 43. Rxb1 Ba6 44. Rb4 g5 45. h4 h6 46. Rb6 1-0

[Event "BCF-chT3 1011 (4NCL)"]
[Site "England"]
[Date "2011.02.19"]
[Round "5.40"]
[White "Hurney, Kevin"]
[Black "Valentine, Brian J"]
[Result "1-0"]
[WhiteElo "2058"]
[BlackElo "1972"]
[PlyCount "43"]
[EventDate "2010.11.06"]
[EventType "team-swiss"]
[EventRounds "9"]
[EventCountry "ENG"]
[SourceTitle "EXT 2012"]
[Source "ChessBase"]
[SourceDate "2011.11.24"]
[SourceVersion "1"]
[SourceVersionDate "2011.11.24"]
[SourceQuality "1"]
[WhiteTeam "Halesowen"]
[BlackTeam "FCA Solutions II"]
[WhiteTeamCountry "ENG"]
[BlackTeamCountry "ENG"]

1. e4 e5 2. Nf3 Nc6 3. Bb5 a6 4. Ba4 Nf6 5. 0-0 Bc5 6. Nxe5 Nxe5 7. d4 Nxe4 8. dxc5 Nxc5 9. Qd5 Qe7 10. Bb3 d6 11. Nc3 0-0 12. Bf4 Be6 13. Qd2 Nxb3 14. axb3 Qf6 15. Bg5 Qf5 16. Ra4 Nc6 17. h3 Rfe8 18. Rg4 Qa5 19. Rg3 Kh8 20. Bf6 Qf5 21. Bxg7+ Kg8 22. Bf6+ 1-0